| 000 | 00369nam a2200145 i 4500 | ||
|---|---|---|---|
| 001 | bg | ||
| 100 | 1 | _aCHMURA, Kazimierz | |
| 245 | 0 |
_aZłoża i wydobycie ważniejszych kopalin w świecie / _cKazimierz Chmura. |
|
| 260 |
_aKatowice, _c1980. |
||
| 040 | _cBPK | ||
| 041 | _apol | ||
| 080 | _a553+622](100) | ||
| 942 | _cKS | ||
| 008 | s pl f |000 0 pol | ||
| 999 |
_c19377 _d19377 |
||
| 856 |
_uhttp://koha.tu.koszalin.pl/cgi-bin/koha/opac-detail.pl?biblionumber=19377 _yKatalog online BPK |
||